|
|
|
|
| LEADER |
01404nam a22003492i 4500 |
| 001 |
001551783 |
| 003 |
CZ BrMZK |
| 005 |
20161110080014.0 |
| 007 |
ta |
| 008 |
161110s1946 xr er|||||||||||cze d |
| 015 |
|
|
|a cnb000501481
|
| 035 |
|
|
|a (OCoLC)85303126
|
| 040 |
|
|
|a ABA001
|b cze
|c ABA001
|d ABA001
|e rda
|
| 041 |
1 |
|
|a cze
|h nor
|
| 100 |
0 |
|
|a Gunnar Gunnarsson,
|d 1889-1975
|7 jn20000700647
|4 aut
|
| 245 |
1 |
0 |
|a Pokrevní bratři /
|c Gunnar Gunnarsson ; [z norského originálu "Edbrödre" přeložil Oldřich Liška]
|
| 250 |
|
|
|a Vydání první
|
| 264 |
|
1 |
|a Havlíčkův Brod :
|b Jiří Chvojka,
|c 1946
|
| 300 |
|
|
|a 251, [II] stran ;
|c 8°
|
| 336 |
|
|
|a text
|b txt
|2 rdacontent
|
| 337 |
|
|
|a bez média
|b n
|2 rdamedia
|
| 338 |
|
|
|a svazek
|b nc
|2 rdacarrier
|
| 500 |
|
|
|a Typografickou úpravu navrhl Antonín Dvořák, obálku a vazbu Josef Ficenec
|
| 500 |
|
|
|a Dostupné též v digitální podobě v aplikaci Kramerius
|
| 700 |
1 |
|
|a Liška, Oldřich,
|d 1920-
|7 jk01072276
|4 trl
|
| 856 |
4 |
1 |
|u http://www.digitalniknihovna.cz/mzk/uuid/uuid:008a8e70-a7d2-11e6-b707-005056827e51
|y Digitalizovaný dokument
|x NDK
|
| 910 |
|
|
|a BOA001
|b 2-0190.363
|
| 990 |
|
|
|a BK
|
| 995 |
|
|
|a 01
|
| 991 |
|
|
|b 201611
|
| 996 |
7 |
|
|b 2618780592
|c 2-0190.363
|l MZK
|r Sklad / do 24 hodin
|n 0
|w 001587032
|u 000020
|a 1
|e BOA001
|j MZK50
|s A
|
| 996 |
6 |
|
|b 2619127083
|c 2-0190.363
|l MZK
|r Sklad / do 24 hodin
|n 0
|w 001587032
|u 000010
|a 1
|e BOA001
|j MZK50
|s P
|